Responses for Show #1417 - Tuesday, October 30, 1990

Contestants

[<< previous game]

Julie Bobick, a resort manager from Fort Myers Beach, Florida

Mitch Paluszek, an attorney from Queens, New York

David Rice, a substitute English and speech teacher from Clarendon Hills, Illinois (whose 4-day cash winnings total $33,500)

[next game >>]

Jeopardy! Round responses

PRESIDENTS & FIRST LADIES
THE OSCARS
MYTHOLOGY
RHYME TIME
U.S. CITIES
HERE COMES THE BRIDE
    $100 26
Pat Nixon

Julie
    $100 6
The Godfather

David
    $100 1
Amazons

David
    $100 8
big wig

Julie
    $100 21
Fort Worth

David
    $100 16
cut the (wedding) cake

Julie
    $200 27
LBJ

David
    $200 7
Goldfinger

Julie
    $200 2
(Mitch: Who was Medea?)

Medusa

DavidMitch
    $200 9
sandy candy

David
    $200 22
Atlanta

Julie
    $200 17
the bouquet

Julie
    $300 28
Jacqueline Kennedy Onassis

David
    $300 13
Pepe Le Pew

David
    $300 3
Argo

Mitch
    $300 10
yellow Jell-O

David
    $300 23
Philadelphia

Mitch
    $300 18
best man

David
    $400 29
Harry Truman

Julie
    $400 14
Makeup

David
    $400 4
Janus

David
    $400 11
The Dream Team

David
    $400 24
Chicago

David
    $400 19
dance

David
    $1,000 30
(Julie: Who was Rosalynn Carter?)

Betty Ford

Julie
    $500 15
Billy Wilder

Julie
    $500 5
Cassandra

David
    $500 12
llama mama

David
    $500 25
Topeka

Mitch
    $500 20
bride's mother

Mitch

Scores at the first commercial break (after clue 15):

David Mitch Julie
$3,400 $100 $800

Scores at the end of the Jeopardy! Round:

David Mitch Julie
$5,100 $1,400 $800

Double Jeopardy! Round responses

SHAKESPEAREAN SETTINGS
ZOOLOGY
ARCHITECTURE
WORLD HISTORY
RELIGION
INTERNATIONAL CUISINE
    $200 3
Rome

David
    $200 21
mate

Mitch
    $200 2
Empire State Building

David
    $200 14
Ottawa

Mitch
    $200 9
Trappist monk

Mitch
    $200 1
smorgasbord

Mitch
    $400 4
A Winter's Tale

Julie
    $400 22
sponges

Mitch
    $400 10
I.M. Pei

Mitch
    $400 15
(David: What is Egypt?)

Britain

DavidMitch
    $400 23
cardinals

Julie
    $400 5
croissants

David
    $2,000 6
(David: What are Verona ....and Athens?)

Verona & Venice

David
    $600 24
(Mitch: What are caves?)

trees

DavidMitch
    $1,000 11
Tudor

Mitch
    $600 16
Ottoman Empire

Mitch
    $600 25
United States

Julie
    $600 18
Napoleon

Julie
    $800 7
As You Like It

David
    $800 26
Madagascar

Mitch
    $800 12
proscenium arch

Mitch
    $800 17
Phoenicians

Julie
    $800 29
Michael the archangel

Triple Stumper
    $800 19
cassoulet

Julie
    $1000 8
Timon of Athens

David
    $1000 28
coatimundi

Julie
    $1000 13
presbytery

Triple Stumper
    $1000 27
Hungary

Triple Stumper
    $1000 30
Baha'i Faith

Triple Stumper
    $1000 20
different types of Swiss cheese

Triple Stumper

Scores at the end of the Double Jeopardy! Round:

David Mitch Julie
$5,900 $6,000 $5,400

[wagering suggestions for these scores]

Final Jeopardy! Round responses

19th CENTURY AMERICANS
JulieWho was
$4,800
DavidWho was Vanderbilt?
$5,900
MitchWho was John Jacob Astor?
$5,801
John Jacob Astor

Final scores:

David Mitch Julie
$0 $11,801 $600
3rd place: Konica CF-80 camera + The Jeopardy! Book + either the Jeopardy! 25th Anniversary box game or the Jeopardy! Challenger scorekeeper New champion: $11,801 + The Jeopardy! Book + either the Jeopardy! 25th Anniversary box game or the Jeopardy! Challenger scorekeeper 2nd place: Keller bedroom furniture + Vax steam-cleaning vacuum system + The Jeopardy! Book + either the Jeopardy! 25th Anniversary box game or the Jeopardy! Challenger scorekeeper

Game dynamics:

Coryat scores:

David Mitch Julie
$7,900 $5,600 $6,400
23 R,
2 W
(including 1 DD)
15 R
(including 1 DD),
2 W
15 R,
1 W
(including 1 DD)

Combined Coryat: $19,900

[game clues] [game scores] [suggest correction]

Game tape date: 1990-09-10
The J! Archive is created by fans, for fans. Scraping, republication, monetization, and malicious use prohibited; this site may use cookies and collect identifying information. See terms. The Jeopardy! game show and all elements thereof, including but not limited to copyright and trademark thereto, are the property of Jeopardy Productions, Inc. and are protected under law. This website is not affiliated with, sponsored by, or operated by Jeopardy Productions, Inc. Join the discussion at JBoard.tv.